000
00312nam a22001457a 4500
008
210526b ||||| |||| 00| 0 eng d
020
_a
0397510632
041
_a
eng
080
_2
2nd
_a
616
082
_a
616
100
_a
9
101
_a
PAT
245
_a
Urologic Pathology
_c
Petersen,R.O
942
_2
udc
_c
BK
999
_c
57630
_d
57630